Georgia Football: Top 10 All-Time Leaders - Statistics

General Stats
  • This quiz has been taken 73 times
  • The average score is 16 of 59
Answer Stats
Category # Player Amount % Correct
Rushing Yards 1 Herschel Walker 5,259
84%
Passing Yards 7 Matthew Stafford 7,731
82%
Rushing Yards 2 Nick Chubb 4,769
82%
Passing Yards 4 Stetson Bennett 8,429
75%
Passing Yards 1 Aaron Murray 13,166
69%
Receiving Yards 5 Brock Bowers 2,538
69%
Receiving Yards 3 A.J. Green 2,619
67%
Passing Yards 5 Jake Fromm 8,224
67%
Rushing Yards 3 Sony Michel 3,638
67%
Rushing Yards 4 Todd Gurley 3,285
67%
Passing Yards 6 Carson Beck 7,912
63%
Interceptions T6 Ben Smith 13
61%
Rushing Yards 7 D'Andre Swift 2,885
55%
Interceptions T6 Kirby Smart 13
49%
Sacks 5 Mitch Davis 27.5
47%
Passing Yards 8 Quincy Carter 6,447
39%
Passing Yards 2 David Greene 11,528
35%
Rushing Yards 5 Garrison Hearst 3,232
33%
Sacks T3 Jarvis Jones 28.0
33%
Rushing Yards 8 Knowshon Moreno 2,734
33%
Sacks 1 David Pollack 36.0
31%
Passing Yards 9 Mike Bobo 6,334
27%
Rushing Yards 10 Thomas Brown 2,646
25%
Passing Yards 3 Eric Zeier 11,153
24%
Receiving Yards 7 Malcolm Mitchell 2,350
24%
Receiving Yards 10 Reggie Brown 2,008
24%
Receiving Yards 1 Terrence Edwards 3,093
24%
Interceptions T1 Bacarri Rambo 16
22%
Receiving Yards 8 Mohamed Massaquoi 2,282
18%
Interceptions T1 Dominick Sanders 16
14%
Interceptions T1 Jake Scott 16
14%
Sacks 10 Jordan Jenkins 19.0
14%
Receiving Yards 9 Lindsay Scott 2,098
14%
Sacks 9 Justin Houston 20.0
12%
Rushing Yards 6 Lars Tate 3,017
12%
Sacks 8 Leonard Floyd 22.5
12%
Rushing Yards 9 Rodney Hampton 2,668
10%
Receiving Yards 4 Tavarres King 2,602
10%
Passing Yards 10 Zeke Bratkowski 4,863
10%
Tackles 5 Nate Taylor 390
8%
Interceptions T4 Terry Hoage 14
8%
Tackles 10 Amarlo Herrera 334
6%
Tackles 1 Ben Zambiasi 467
6%
Receiving Yards 6 Brice Hunter 2,373
4%
Sacks 6 Freddie Gilbert 26.0
4%
Interceptions T4 Jeff Hipp 14
4%
Interceptions T6 Jeff Sanchez 13
4%
Sacks T3 Jimmy Payne 28.0
4%
Tackles 4 John Brantley 415
4%
Tackles 6 Knox Culpepper 383
4%
Sacks 7 Quentin Moses 25.0
4%
Interceptions T6 Scott Woerner 13
4%
Tackles 9 Bill Goldberg 348
2%
Receiving Yards 2 Fred Gibson 2,884
2%
Tackles 2 Greg Bright 453
2%
Tackles 7 John Little 381
2%
Tackles 8 Randell Godfrey 365
2%
Sacks 2 Richard Tardits 29.0
2%
Tackles 3 Tommy Thurson 448
2%
No matching quizzes found
Score Distribution
Percent of People with Each Score
Percentile by Number Answered
Your Score History
You have not taken this quiz